|
|
|
|
| LEADER |
01860nam a2200289 a 4500 |
| 001 |
GR-Patra8222 |
| 008 |
991022s1988 gr 000 0 gre d |
| 040 |
|
|
|a GrPaTEI
|b gre
|c GR-PaULI
|
| 245 |
0 |
0 |
|a Νοσολογία Ι.
|
| 250 |
|
|
|a 2η εκδ.
|
| 260 |
|
|
|a Αθήνα :
|b Οργανισμός Εκδόσεως Διδακτικών Βιβλίων,
|c 1988
|
| 300 |
|
|
|a 320σ.
|
| 650 |
|
4 |
|a ΑΣΘΕΝΕΙΕΣ
|
| 650 |
|
4 |
|a ΔΙΑΓΝΩΣΗ
|
| 650 |
|
4 |
|a ΛΟΙΜΩΔΗ ΝΟΣΗΜΑΤΑ
|
| 650 |
|
4 |
|a Παθολογία
|
| 650 |
|
4 |
|a Παθολογία
|
| 700 |
1 |
|
|a Τσόχας, Κωνσταντίνος Θ.
|
| 710 |
0 |
|
|a Οργανισμός Εκδόσεως Διδακτικών Βιβλίων
|
| 710 |
2 |
|
|a Ελλάδα.Υπουργείο Εθνικής Παιδείας και θρησκευμάτων.Τεχνολογικό Εκπαιδευτικό Ιδρυμα Αθήνας.Σχολή Υγείας και Κοινωνικής Πρόνοιας
|
| 942 |
|
|
|2 ddc
|
| 952 |
|
|
|0 1
|1 0
|2 ddc
|4 0
|6 616_070000000000000_ΤΣΟ
|7 0
|9 289323
|a LISK
|b LISK
|c BSC
|d 2021-01-17
|e 24
|f 0
|g 0.00
|l 0
|o 616.07 ΤΣΟ
|p 92410011853
|r 2021-01-17 00:00:00
|t 1
|w 2021-01-17
|y BK15
|x 19991024 0 1
|x GrPaTEI
|
| 952 |
|
|
|0 0
|1 0
|2 ddc
|4 0
|6 616_070000000000000_ΤΣΟ
|7 0
|9 289324
|a LISK
|b LISK
|c BSC
|d 2021-01-17
|e 24
|f 0
|g 0.00
|l 0
|o 616.07 ΤΣΟ
|p 92410011648
|r 2021-01-17 00:00:00
|t 1
|w 2021-01-17
|y BK15
|x 19991024 0 1
|x GrPaTEI
|
| 952 |
|
|
|0 0
|1 0
|2 ddc
|4 0
|6 616_070000000000000_ΤΣΟ
|7 0
|9 289325
|a LISK
|b LISK
|c ALF
|d 2021-01-17
|e 24
|f 0
|g 0.00
|l 0
|o 616.07 ΤΣΟ
|p 92410011847
|r 2021-01-17 00:00:00
|t 1
|w 2021-01-17
|y BK15
|x 19991024 0 1
|x GrPaTEI
|
| 952 |
|
|
|0 0
|1 0
|2 ddc
|4 0
|6 616_070000000000000_ΤΣΟ
|7 0
|9 289326
|a LISK
|b LISK
|c ALF
|d 2021-01-17
|e 24
|f 0
|g 0.00
|l 0
|o 616.07 ΤΣΟ
|p 92410011854
|r 2021-01-17 00:00:00
|t 1
|w 2021-01-17
|y BK15
|x 19991024 0 1
|x GrPaTEI
|
| 971 |
|
|
|a .b2655737x
|b 16-04-20
|c 23-09-16
|
| 999 |
|
|
|c 168842
|d 168842
|